Name Every Sidemen Among Us Guest (70 Characters) - Statistics

General Stats
  • This quiz has been taken 20 times
    18 since last reset
  • The average score is 39 of 70
Answer Stats
Staring With Letter Answer % Correct
L Lazarbeam
100%
C ChrisMD
94%
D Deji
94%
L Lachlan
94%
V Vik
94%
C Calfreezy
88%
E Ethan
88%
H Harry
88%
J JJ
88%
J Josh
88%
M Mr Beast
88%
R Randolph
88%
S Simon
88%
T Tobi
88%
C Chip
82%
G Ginge
82%
G George Clarke
76%
J JME
76%
P Pewdiepie
76%
V Viz
76%
A Arthur TV
71%
D Danny Aarons
71%
D Dream
71%
J Joe Weller
71%
M Marlon
71%
C Chandler
65%
J Jack Joseph
65%
K Karl
65%
P Pie Face
65%
T Tommy Innit
65%
W WillNE
65%
A AB
59%
A AJ
59%
E Ellum
59%
J Jack Sucks At Life
59%
N Niko
59%
S Sharky
59%
A Anita
53%
J Jack Septiceye
53%
K Kenny
53%
M Max Fosh
53%
N Ninja
53%
T Theo Baker
53%
C Chunkz
47%
C Cole
47%
A Ali A
41%
C Courage
41%
J Jynxzi
41%
L Liam
41%
T Tom Syndicate
41%
T Tubbo
41%
W Wilbur
41%
A Apex
35%
F Fresh
35%
M Memeulous
35%
B Bach
29%
F Finn
29%
J Jarvis
29%
K Kay
29%
L Louu
29%
B Burnt Peanut
24%
M Muselk
24%
Z Zerkaa
12%
C Callex
6%
C Claran
6%
F Fin Wallace
6%
M Mlik in a Bag
6%
M MM7Games
6%
M Moho
6%
R Randolf
6%
No matching quizzes found
Score Distribution
Percent of People with Each Score
Percentile by Number Answered
Your Score History
You have not taken this quiz since the last reset